| 000 | 00634nam a22002417a 4500 | ||
|---|---|---|---|
| 001 | 14462 | ||
| 003 | BD-JhCC | ||
| 005 | 20251129131439.0 | ||
| 008 | 251129b |||||||| |||| 00| 0 eng d | ||
| 020 | _a9780141398730 | ||
| 035 | _a(BD-JhCC) 14462 | ||
| 040 |
_aBD-JhCC _dBD-JhCC |
||
| 041 | _aeng | ||
| 082 |
_223 _a871.0108 _bVIR |
||
| 100 | _aVirgil | ||
| 245 |
_aO Cruel Alexis / _cVirgil |
||
| 260 |
_aLondon: _bPenguin Classics, _c 2015 |
||
| 300 |
_a51p.; _c17cm. _ePaper |
||
| 490 |
_a Penguin Little black classics _vN,76 |
||
| 650 | _aPastoral poetry, Latin | ||
| 650 | _aTranslations into English | ||
| 942 |
_2ddc _cBK |
||
| 999 |
_c14462 _d14462 |
||